Soul Force (Record no. 14406)

MARC details
000 -LEADER
fixed length control field 00587nam a2200241 a 4500
020 ## - INTERNATIONAL STANDARD BOOK NUMBER
ISBN 8186211
082 00 - DEWEY DECIMAL CLASSIFICATION NUMBER
Classification number 923.2
Author Cutter GEE
100 ## - MAIN ENTRY--AUTHOR NAME
Author name Geetha, V
245 ## - TITLE STATEMENT
Title Soul Force
Sub title Gandhi`s Writings on Peace
260 ## - PUBLICATION, DISTRIBUTION, ETC. (IMPRINT)
Place of publication Ahmedabad
Name of publisher Tara Pub
Year of publication 2004
300 ## - PHYSICAL DESCRIPTION
Number of Pages 464p
500 ## - GENERAL NOTE
General note includes index and biblioraphy
505 2# - FORMATTED CONTENTS NOTE
Formatted contents note Index
650 ## - SUBJECT ADDED ENTRY--TOPICAL TERM
Topical Term Gandhi-Speeches-peace
942 ## - ADDED ENTRY ELEMENTS (KOHA)
Koha item type Books
700 1# -
-- Geetha, V
Holdings
Collection code Home library Current library Date acquired Cost, normal purchase price Full call number Accession Number Koha item type
  Henry Martyn Institute Library Henry Martyn Institute Library 06/06/2007 300.00 923.2 GEE 020891 Books
                   Copyright © 2026 | Henry Martyn Institute | Hyderabad | TS-500052 | INDIA | Implemented by hmi.edu.in
Hit-Count:

Powered by Koha